Страны, у которых нет армии - Statistics

General Stats
  • This quiz has been taken 18 times
  • The average score is 16 of 24
Answer Stats
Страна % Correct
Ватикан
93%
Андорра
79%
Лихтенштейн
79%
Монако
79%
Сан-Марино
79%
Вануату
71%
Маврикий
71%
Науру
71%
Самоа
71%
Сент-Люсия
71%
Тувалу
71%
Федеративные Штаты Микронезии
71%
Гренада
64%
Кирибати
64%
Маршалловы острова
64%
Палау
64%
Сент-Винсент и Гренадины
64%
Доминика
57%
Исландия
57%
Соломоновы острова
57%
Гаити
50%
Коста-Рика
43%
Панама
43%
Япония
43%
No matching quizzes found
Score Distribution
Percent of People with Each Score
Percentile by Number Answered
Your Score History
You have not taken this quiz